000 01132cad a22002415a 4500
001 E147494
008 090515s2009 xxkd f s 000 0 eng d
035 _a(Sirsi) u147494
041 0 _aeng
050 0 4 _a333.33 $2 18
110 2 _aColliers CRE
_95075
245 0 0 _aProperty snapshot
_bMay 2009
_h[electronic resource]
260 _aLondon
_bColliers
_c2009
490 0 _aProperty Snapshot
_vMay 2009
520 _aReports that GDP contracted by 1.9% in Q1 2009, which was not as strong as expected. Current forecasts are for GDP growth of around -4% in 2009. In relation to the commercial property market, transactions fell in April, down to £644m from £2.2bn in March. The number of deals also dropped from 86 to 52, with the average deal size also falling to £12.1m in April from £20.1m in Q1 2009.
521 _aAdvanced
590 _aKA
650 2 4 _aCOLLIERS PROPERTY SNAPSHOT
651 4 _aUnited Kingdom
_y
690 _aPROPERTY-COMMERCIAL PROPERTY-COMMERCIAL PROPERTY MARKET
856 4 0 _uhttps://www.colliers.com/
_zView this report free of charge under market reports at www.colliers.com...
942 _n0
999 _c109585
_d109585